Introducción a las actividades comerciales /

Guardado en:
Formato: Libro
Publicado: Bahia Blanca : Escuela Superior de Comercio, 2013
Materias:
Etiquetas: Agregar Etiqueta
Sin Etiquetas, Sea el primero en etiquetar este registro!
LEADER 01235nam a22002055a 4500
001 CEM.cems014149
008 130507s2013##################000#0#####d
005 20210804185410.0
003 CEMS
245 0 0 |a Introducción a las actividades comerciales /  |c Selección de Artículos Por Esteban Clair 
260 |a Bahia Blanca :  |b Escuela Superior de Comercio,  |c 2013 
300 |a 299 p. 
590 |a 1205.013 
505 0 |a La evasión fiscal : origen y medidas de acción para combatirlas / Jorge Las Heras -- Consumo Colaborativo / Ainhoa Mingolarra -- Consumo Responsable / FTAO -- Criterios para un consumo responsable -- Defensa del Consumidor Ley 24.240 -- Luces y sombras de la educación para el consumo responsable / Nieves Álvarez Martín -- La acción típica de evasión tributaria / Alicia Messina -- Valor.arnuestros derechos : guía de capacitación / Subsecretaría de Defensa del Consumidor -- Analisis de los denominados derechos basicos del consumidor / Emilio Biasco -- Temas del Consumidor / Carlos Lisandro Salas 
653 |a Contabilidad 
653 |a Derechos del consumidor 
653 |a Evasión fiscal 
653 |a Consumo responsable 
653 |a Biblioteca TC 
859 |a CEMS  |b BIB. CEMS - 11 de abril  |h TC  |p 1205.013  |t Ej.1